| 000 | 00855cam a2200265 a 4500 | ||
|---|---|---|---|
| 001 | 000003818 | ||
| 003 | DO-SdBNP | ||
| 005 | 20220921094325.0 | ||
| 007 | ta | ||
| 008 | 730102s1958 nyua 001 1 eng | ||
| 040 |
_aDO-SdBNP _bspa _cBNPHU |
||
| 082 | 4 |
_a813.54 _bM835s _222 |
|
| 245 | 0 | 0 |
_aMore stories to remember / _cselección Thomas B. Costain, John Beecroft ; ilustración Martha Sawyers, William Reusswig. |
| 260 |
_aNew York : _bDoubleday & Company, _c1958. |
||
| 300 |
_a2 v. : _bil. ; _c22 cm. |
||
| 590 | _aInventariado, 2022 / DG | ||
| 650 | 4 |
_aNovela estadounidense _9262 |
|
| 650 | 4 |
_aLiteratura estadounidense _9263 |
|
| 700 | 1 |
_aCostain, Thomas Bertram, _d1885- _911570 |
|
| 700 | 1 |
_aBeecroft, John _911571 |
|
| 700 | 1 |
_aSawyers, Martha, _eil. _911572 |
|
| 700 | 1 |
_aReusswig, William, _eil. _911573 |
|
| 910 | _aDG | ||
| 942 |
_2ddc _cLBS1 |
||
| 999 |
_c3640 _d3640 |
||